UBT Library

The only EKG book you'll ever need / (Record no. 40651)

000 -LEADER
fixed length control field 00932cam a22003134a 4500
001 - CONTROL NUMBER
control field 14355616
005 - DATE AND TIME OF LATEST TRANSACTION
control field 20180122051716.0
008 - FIXED-LENGTH DATA ELEMENTS--GENERAL INFORMATION
fixed length control field 060426s2007 paua 001 0 eng
010 ## - LIBRARY OF CONGRESS CONTROL NUMBER
LC control number 2006013871
016 7# - NATIONAL BIBLIOGRAPHIC AGENCY CONTROL NUMBER
Record control number 101275302
Source DNLM
020 ## - INTERNATIONAL STANDARD BOOK NUMBER
International Standard Book Number 0781773156
020 ## - INTERNATIONAL STANDARD BOOK NUMBER
International Standard Book Number 9780781773157
035 ## - SYSTEM CONTROL NUMBER
System control number (OCoLC)ocm67817201
035 ## - SYSTEM CONTROL NUMBER
System control number (OCoLC)67817201
040 ## - CATALOGING SOURCE
Original cataloging agency DNLM/DLC
Transcribing agency DLC
Modifying agency NLM
-- BAKER
-- C#P
-- BTCTA
-- YDXCP
-- DLC
041 ## - LANGUAGE CODE
Language code of text/sound track or separate title eng
042 ## - AUTHENTICATION CODE
Authentication code pcc
060 00 - NATIONAL LIBRARY OF MEDICINE CALL NUMBER
Classification number 2006 M-100
060 10 - NATIONAL LIBRARY OF MEDICINE CALL NUMBER
Classification number WG 140
Item number T365o 2007
080 ## - UNIVERSAL DECIMAL CLASSIFICATION NUMBER
Universal Decimal Classification number 616.1207547 THAL
082 00 - DEWEY DECIMAL CLASSIFICATION NUMBER
Classification number 616.1207547 THAL
Edition number 22
100 1# - Rafti
Rafti 7
101 ## - Shkurtesa
Shkurtesa KAR
245 14 - TITLE STATEMENT
Title The only EKG book you'll ever need /
Statement of responsibility, etc Malcolm S. Thaler.
246 3# - VARYING FORM OF TITLE
Title proper/short title Only EKG book you will ever need
906 ## - LOCAL DATA ELEMENT F, LDF (RLIN)
a 7
b cbc
c orignew
d 1
e ecip
f 20
g y-gencatlg
942 ## - ADDED ENTRY ELEMENTS (KOHA)
Source of classification or shelving scheme
Item type Books
Holdings
Withdrawn status Lost status Source of classification or shelving scheme Damaged status Not for loan Collection code Permanent location Current location Shelving location Date acquired Total Checkouts Full call number Barcode Date last seen Price effective from Koha item type
          Koleksioni i përgjithshem UBT - Lipjan UBT - Lipjan Koleksioni i përgjithshem 01/22/2018   616.1207547 THAL 002-2995810 01/22/2018 01/22/2018 Books
UBT Library © 2015-2024. All rights reserved University Education for Business and Technology